Countries with biggest population decline since 2015 - Statistics

General Stats
  • This quiz has been taken 62 times
    51 since last reset
  • The average score is 6 of 9
Answer Stats
Decline% Answer % Correct
9.3 Syria
87%
0.64 Ukraine
85%
0.83 Bulgaria
79%
0.62 Latvia
68%
1.02 Moldova
68%
0.68 Estonia
64%
0.46 Serbia
62%
0.49 Montenegro
32%
0.48 South Africa
13%
No matching quizzes found
Score Distribution
Percent of People with Each Score
Percentile by Number Answered
Your Score History
You have not taken this quiz since the last reset